Industrialising with a dualistic structure, diverging regional patterns, and environmental challenges (Record no. 533256)
[ view plain ]
| 000 -LEADER | |
|---|---|
| fixed length control field | 00744nam a22001337a 4500 |
| 008 - FIXED-LENGTH DATA ELEMENTS--GENERAL INFORMATION | |
| fixed length control field | 260505b ||||| |||| 00| 0 eng d |
| 100 ## - MAIN ENTRY--PERSONAL NAME | |
| Personal name | Kumar, Nagesh |
| 245 ## - TITLE STATEMENT | |
| Title | Industrialising with a dualistic structure, diverging regional patterns, and environmental challenges |
| 260 ## - PUBLICATION, DISTRIBUTION, ETC. (IMPRINT) | |
| Place of publication, distribution, etc | Economic & Political Weekly |
| 300 ## - PHYSICAL DESCRIPTION | |
| Extent | 61(16), Apr 18, 2026: p.42-46 |
| 520 ## - SUMMARY, ETC. | |
| Summary, etc | There has been an engaging debate in the country about the relevance of the manufacturing thrust for achieving the Vision 2047 of a developed and prosperous nation. –Reproduced https://www.epw.in/journal/2026/16/indias-industrial-transformation/industrialising-dualistic-structure-diverging.html |
| 773 ## - HOST ITEM ENTRY | |
| Main entry heading | Economic & Political Weekly |
| 942 ## - ADDED ENTRY ELEMENTS (KOHA) | |
| Item type | Articles |
| Withdrawn status | Lost status | Source of classification or shelving scheme | Damaged status | Not for loan | Permanent location | Current location | Date acquired | Serial Enumeration / chronology | Barcode | Date last seen | Koha item type |
|---|---|---|---|---|---|---|---|---|---|---|---|
| Indian Institute of Public Administration | Indian Institute of Public Administration | 2026-05-05 | 61(16), Apr 18, 2026: p.42-46 | AR138768 | 2026-05-05 | Articles |
